El saber del traductor: hacia una ética de la interpretación

Gespeichert in:
Bibliographische Detailangaben
1. Verfasser: Rodríguez Monroy, Amalia (VerfasserIn)
Format: Buch
Sprache:Spanisch
Veröffentlicht: Madrid Literatura y Ciencia 1999
Schriftenreihe:Montesinos Ensayo
Schlagworte:
Tags: Tag hinzufügen
Keine Tags, Fügen Sie den ersten Tag hinzu!

MARC

LEADER 00000nam a2200000 a 4500
001 UCL6661
003 CL-VaPUC
008 040416e19990000sp |||||||||||||||||spa|d
020 |a 8489354871 
082 0 4 |a 418.02  |b ROD  |2 21 
100 0 |a Rodríguez Monroy, Amalia  |e author  |9 484298 
245 1 3 |a El saber del traductor: hacia una ética de la interpretación 
300 |a 363 p 
942 |c BK 
945 |d 20040416 00:00:00  |a cmena 
260 |a Madrid  |b Literatura y Ciencia  |c 1999 
650 0 |a Traducción   |9 357261 
650 0 |a Análisis del discurso  |9 256696 
650 0 |a Filosofía del lenguaje  |9 257082 
650 0 |a Etica profesional   |9 255694 
583 |a last modification  |c 20171121 11:09:35  |k Rodrigo Vera 
490 0 |a Montesinos Ensayo 
999 |c 308652  |d 308650